000 00401cam a22001217a 4500
008 180718b1966 xxu||||| |||| 00| 0 eng d
082 _aA81x54 In2/61/14/Pt 6C/2
100 _aCensus of India 1961
245 _aRajasthan: village survey monograph, Bhadwasi
260 _aDelhi
_bThe Manager of Publications
_c1966
300 _a34+p.
440 _aCensus of India 1961. Volume-XIV, Rajasthan. Part VI-C 2
999 _c484596
_d484596